| Tag |
First Indicator |
Second Indicator |
Subfields |
| LEADER |
00000cam a2200000 i 4500 |
| 001 |
in00005659064 |
| 006 |
m o d |
| 007 |
cr ||||||||||| |
| 008 |
180331s2010 fluab ob 001 0 eng d |
| 005 |
20250812150151.9 |
| 035 |
|
|
|a (OCoLC)on1329344797
|
| 040 |
|
|
|a RBN
|b eng
|e rda
|e pn
|c RBN
|d OCLCF
|d OCLCQ
|d OCLCO
|d OCLCQ
|d OCLCL
|d SFB
|d OCLCQ
|d OCLCL
|
| 020 |
|
|
|a 0429250002
|
| 020 |
|
|
|a 9780429250002
|
| 020 |
|
|
|a 1282503979
|
| 020 |
|
|
|a 9781282503977
|
| 020 |
|
|
|a 9786612503979
|
| 020 |
|
|
|a 6612503971
|
| 020 |
|
|
|a 1420085522
|
| 020 |
|
|
|a 9781420085525
|
| 024 |
7 |
|
|a 10.1201/9781420085525
|2 doi
|
| 035 |
|
|
|a (OCoLC)1329344797
|
| 050 |
|
4 |
|a HV6025
|b .I58 2010
|
| 082 |
0 |
4 |
|a 364
|
| 049 |
|
|
|a TXAM
|
| 245 |
0 |
0 |
|a International handbook of criminology /
|c edited by Shlomo Giora Shoham, Paul Knepper, Martin Kett.
|
| 264 |
|
1 |
|a Boca Raton, Fla. :
|b CRC Press,
|c 2010.
|
| 300 |
|
|
|a 1 online resource (728 p.)
|
| 336 |
|
|
|a text
|b txt
|2 rdacontent
|
| 337 |
|
|
|a computer
|b c
|2 rdamedia
|
| 338 |
|
|
|a online resource
|b cr
|2 rdacarrier
|
| 500 |
|
|
|a Description based upon print version of record.
|
| 546 |
|
|
|a English.
|
| 504 |
|
|
|a Includes bibliographical references and index.
|
| 505 |
0 |
|
|a Crime science / Ken Pease -- Born for evil? : biological theories of crime in historical perspective / Neil Davie -- Life course criminology / Arjan Blokland and Paul Nieuwbeerta -- Making sense of criminal justice / David Nelsen -- The politics of numbers : crime statistics as a source of knowledge and a tool of governance / Heidi Mork Lomell -- The subculture concept : a geneology / Albert Bell -- Anthropologies of domestic violence : studying crime in situ / Madelaine Adelman -- Methodological issues in the comparison of police recorded-crime rates / Marcelo Aebi -- Transnational environmental harm and eco-global criminology / Rob White -- Perpetrators and victims of sex crimes / Joachim Obergfell-Fuchs -- Financial crimes in comparative context / Michael Levi -- Studying criminality and criminal offenders in the early twentieth-century Philippines / Filomin Gutierrez -- Affluence, disadvantage, and fear of crime / Murray Lee -- Closed-circuit television : a review of its development and its implications for privacy / Clive Norris -- Crime and social policy / Chris Grover -- Truth, reality, justice, and the crime genre : implications for criminological inquiry and pedagogy / Gray Cavender and Nancy Jurik -- The police response to crime / Megan O'Neill -- The European experience of crime prevention / Rosella Selmini -- Class, inequality, and the etiology of crime / Jukka Savolainen -- Youth gangs in a global context / Juanjo Medina Ariza -- Victim participation in the criminal justice process : normative dilemmas and practical responses / Edna Erez and Julian V. Roberts -- Spatial analysis of street crimes / Circe M.G. Monteiro -- Understanding of repeat victimization : a longitudinal study / Anthony E. Bottoms and Andrew Costello.
|
| 588 |
|
|
|a Description based on print version record.
|
| 520 |
|
|
|a The third handbook in a trilogy which includes the International Handbook of Penology and Criminal Justice and the International Handbook of Victimology, this volume is a comprehensive treatment of criminology theory.
|
| 650 |
|
0 |
|a Criminology.
|
| 650 |
|
0 |
|a Criminal justice, Administration of.
|
| 650 |
|
0 |
|a Crime prevention.
|
| 650 |
|
6 |
|a Criminologie.
|
| 650 |
|
7 |
|a criminology.
|2 aat
|
| 650 |
|
7 |
|a Crime prevention
|2 fast
|
| 650 |
|
7 |
|a Criminal justice, Administration of
|2 fast
|
| 650 |
|
7 |
|a Criminology
|2 fast
|
| 655 |
|
7 |
|a Electronic books.
|2 local
|
| 700 |
1 |
|
|a Shoham, S. Giora,
|d 1929-
|
| 700 |
1 |
|
|a Knepper, Paul.
|
| 700 |
1 |
|
|a Kett, Martin.
|
| 710 |
2 |
|
|a Taylor & Francis.
|
| 758 |
|
|
|i has work:
|a International handbook of criminology (Text)
|1 https://id.oclc.org/worldcat/entity/E39PCFv8qtM7BqrjBQg8HQJx6q
|4 https://id.oclc.org/worldcat/ontology/hasWork
|
| 776 |
1 |
|
|z 1-4665-3139-8
|
| 776 |
1 |
|
|z 1-4200-8551-4
|
| 856 |
4 |
0 |
|u http://proxy.library.tamu.edu/login?url=https://www.taylorfrancis.com/books/9780429250002
|z Connect to the full text of this electronic book
|t 0
|
| 936 |
|
|
|a BATCHLOAD
|
| 955 |
|
|
|a Taylor and Francis FORENSICnetBASE / LAWENFORCEMENTnetBASE
|
| 994 |
|
|
|a 92
|b TXA
|
| 999 |
f |
f |
|s 7648fd90-0896-419d-88d7-7a4f3bf64aeb
|i ed04a4b2-a2cc-4262-9918-8869be97eff4
|t 0
|
| 952 |
f |
f |
|a Texas A&M University
|b College Station
|c Electronic Resources
|d Available Online
|t 0
|e HV6025 .I58 2010
|h Library of Congress classification
|
| 998 |
f |
f |
|a HV6025 .I58 2010
|t 0
|l Available Online
|